Couleurs de bières - Statistiques

Statistiques générales
  • Ce quiz a été pris 720 fois
  • Le résultat moyen est 4 sur 5
Statistiques - réponses
Couleur % Correct
Blonde
98%
Brune
95%
Blanche
87%
Ambrée
86%
Noire
49%
Aucun quiz correspondant
Distribution des résultats
% des personnes avec chaque résultat
Percentile par nombre de réponses
Votre historique - résultats
Vous n’avez pas pris ce quiz